000 00659nam a2200229 4500
005 20260219193550.0
008 210323s1973 pe |||fr|||| 001 0 spa d
040 _aCENDOC CAAAP
_bspa
_cCAAAP
041 _aspa
050 _aFP
_b173 .C29Z7
100 1 _91858
_aCastro Arenas, Mario
245 1 3 _aLa rebelión de Juan Santos /
_cMario Castro Arenas
250 _a1ra ed.
260 _aLima :
_bCarlos Milla Batres,
_c1973
300 _a167 p.
600 1 0 _91859
_aSantos Atahuallpa, Juan
650 1 0 _9344
_aRevolución
650 2 0 _9146
_aMovimientos Sociales
650 2 0 _9244
_aColonialismo
650 2 0 _9100
_aIndígenas
942 _2lcc
_b23 - 03 - 21
_cBK
999 _c769
_d769